| 000 | 01003nam a2200277 i 4500 | ||
|---|---|---|---|
| 003 | EG-ScBUE | ||
| 005 | 20240123102114.0 | ||
| 008 | 100704s2006 ua o f 000 0 ara d | ||
| 017 | _a2006 / 4797 | ||
| 020 | _a9772656981 | ||
| 040 |
_aEG-ScBUE _bara _erda _cEG-ScBUE _dEG-ScBUE |
||
| 043 | _af-ua--- | ||
| 082 | 0 | 4 |
_222 _a962.063 _bخ ف ا |
| 100 | 1 |
_915843 _aخفاجي، عبد الحليم، _eمؤلف. |
|
| 245 | 1 | 0 |
_aعندما غابت الشمس / _cعبد الحليم خفاجي. |
| 250 | _aالطبعة الأولى. | ||
| 264 | 1 |
_aالقاهرة : _bدار التوزيع والنشر الإسلامية، _c2006. |
|
| 300 |
_a447 صفحة : _bصور ؛ _c24 سم |
||
| 336 |
_2rdacontent _aنص _btxt |
||
| 337 |
_aبدون وسيط _2rdamedia _bn |
||
| 338 |
_aمجلد _bnc _2rdacarrier |
||
| 541 | _cإهداء | ||
| 651 | 7 |
_915361 _aمصر _xتاريخ _yالعصر الحديث _yجمال عبد الناصر (1954-1970). _2BUEsh |
|
| 655 | _vReading book | ||
| 942 |
_2ddc _cBB |
||
| 999 |
_c14367 _d14367 |
||